UBT Library

Introduction to management accounting / (Record no. 41909)

000 -LEADER
fixed length control field 00573pam a2200217 a 4500
001 - CONTROL NUMBER
control field 1879336
005 - DATE AND TIME OF LATEST TRANSACTION
control field 20180206045752.0
008 - FIXED-LENGTH DATA ELEMENTS--GENERAL INFORMATION
fixed length control field 831118s1984 njua b 001 0 eng
010 ## - LIBRARY OF CONGRESS CONTROL NUMBER
LC control number 83024749
020 ## - INTERNATIONAL STANDARD BOOK NUMBER
International Standard Book Number 0134878361
040 ## - CATALOGING SOURCE
Original cataloging agency DLC
Transcribing agency DLC
Modifying agency DLC
041 ## - LANGUAGE CODE
Language code of text/sound track or separate title eng
080 ## - UNIVERSAL DECIMAL CLASSIFICATION NUMBER
Universal Decimal Classification number 658.1511 HOR
082 00 - DEWEY DECIMAL CLASSIFICATION NUMBER
Classification number 658.1511 HOR
Edition number 19
100 1# - Rafti
Rafti 62
101 ## - Shkurtesa
Shkurtesa KM
245 10 - TITLE STATEMENT
Title Introduction to management accounting /
Statement of responsibility, etc Charles T. Horngren.
504 ## - BIBLIOGRAPHY, ETC. NOTE
Bibliography, etc Includes bibliographies and index.
906 ## - LOCAL DATA ELEMENT F, LDF (RLIN)
a 7
b cbc
c orignew
d 1
e ocip
f 19
g y-gencatlg
942 ## - ADDED ENTRY ELEMENTS (KOHA)
Source of classification or shelving scheme
Item type Books
Holdings
Withdrawn status Lost status Source of classification or shelving scheme Damaged status Not for loan Collection code Permanent location Current location Shelving location Date acquired Total Checkouts Full call number Barcode Date last seen Price effective from Koha item type
          Koleksioni i përgjithshem UBT - Lipjan UBT - Lipjan Koleksioni i përgjithshem 02/06/2018   658.1511 HOR 002-2999332 02/06/2018 02/06/2018 Books
UBT Library © 2015-2024. All rights reserved University Education for Business and Technology